Online
Catalog

Sobre le oficio de escribir / (Record no. 2698)

MARC details
000 -CABECERA
campo de control de longitud fija 00928cam a2200253 a 4500
001 - NÚMERO DE CONTROL
campo de control 000002864
005 - FECHA Y HORA DE LA ÚLTIMA TRANSACCIÓN
campo de control 20200929150255.0
008 - DATOS DE LONGITUD FIJA--INFORMACIÓN GENERAL
campo de control de longitud fija 070223s1989 mx 000 0 spa
020 ## - NÚMERO INTERNACIONAL ESTÁNDAR DEL LIBRO
Número Internacional Estándar del Libro 0684181193
020 ## - NÚMERO INTERNACIONAL ESTÁNDAR DEL LIBRO
Número Internacional Estándar del Libro 9686677224
040 ## - FUENTE DE LA CATALOGACIÓN
Centro catalogador/agencia de origen DO-SdBNP
Centro/agencia transcriptor DLC
Centro/agencia modificador DLC
050 00 - SIGNATURA TOPOGRÁFICA DE LA BIBLIOTECA DEL CONGRESO
Número de clasificación PS3515.E37
Número de documento/Ítem A6 1999
082 ## - NÚMERO DE LA CLASIFICACIÓN DECIMAL DEWEY
Número de clasificación 813/.52
Número de documento/Ítem H448s
100 1# - ENTRADA PRINCIPAL--NOMBRE DE PERSONA
Nombre de persona Hemingway, Ernest,
Fechas asociadas al nombre 1899-1961.
9 (RLIN) 9091
245 10 - MENCIÓN DE TÍTULO
Título Sobre le oficio de escribir /
Mención de responsabilidad, etc. Ernest Hemingway ; editor, Larry W. Phillips ; traductor, María Alfageme Ramírez.
260 ## - PUBLICACIÓN, DISTRIBUCIÓN, ETC.
Lugar de publicación, distribución, etc. México, D. F. :
Nombre del editor, distribuidor, etc. Publigrafics,
Fecha de publicación, distribución, etc. 1989.
300 ## - DESCRIPCIÓN FÍSICA
Extensión 128 p. ;
Dimensiones 19 cm.
534 ## - NOTA SOBRE LA VERSIÓN ORIGINAL
Encabezamiento principal del original Título original: Ernest Hemingway on writing
600 10 - PUNTO DE ACCESO ADICIONAL DE MATERIA--NOMBRE DE PERSONA
Nombre de persona Hemingway, Ernest,
Fechas asociadas al nombre 1899-1961
Subdivisión de forma Quotations.
9 (RLIN) 9092
650 #0 - PUNTO DE ACCESO ADICIONAL DE MATERIA--TÉRMINO DE MATERIA
Término de materia o nombre geográfico como elemento de entrada Fiction
Subdivisión general Authorship
Subdivisión de forma Quotations, maxims, etc.
9 (RLIN) 9093
700 1# - PUNTO DE ACCESO ADICIONAL--NOMBRE DE PERSONA
Nombre de persona Phillips, Larry W. ;
Término indicativo de función/relación ed.
9 (RLIN) 9094
700 1# - PUNTO DE ACCESO ADICIONAL--NOMBRE DE PERSONA
Nombre de persona Alfageme Ramírez, María ;
Término indicativo de función/relación tr.
9 (RLIN) 9095
910 ## - DATOS DE OPCIÓN DEL USUARIO (OCLC)
Datos de opción del usuario Catalogación por copia / LC
Holdings
Estado de retiro Estado de pérdida Restricciones de uso No para préstamo Código de colección Localización permanente Ubicación/localización actual Ubicación en estantería Fecha de adquisición Número de inventario Total de préstamos Signatura topográfica completa Código de barras Fecha visto por última vez Precio válido a partir de Tipo de ítem Koha
    Préstamo interno   Monografías: Libros y Folletos General General En catalogación 04.07.2009 LF1   813/.52 H448s 2864-10 25.06.2020 25.06.2020 Préstamo interno

Powered by Koha